000 00393nam a22001457a 4500
020 _a0852912153
082 _a343.41053WRI.
100 _aWright,K.E.
_94140
245 _aCapital Transfer Tax Planning.
260 _aEngland.
_bThe Institute of Chartered Accountants.
_c1978.
300 _axii, 222pg.
_b21cm.
500 _aIncludes appendix.
700 _aMslcolm Penney.
_94141
942 _cBK
999 _c17031
_d17031